AFI's TV Programs of the Year Quiz Stats

 Plays Quiz not verified by Sporcle

Score 0/139 Timer 10:00
0 Plays Today
% Correct
The Sopranos
86.7%
The Sopranos
86.7%
The Sopranos
86.7%
The Sopranos
86.7%
Mad Men
85.7%
Mad Men
83.3%
Mad Men
83%
Game of Thrones
77.1%
Breaking Bad
76.2%
Breaking Bad
75.5%
Game of Thrones
75.5%
Mad Men
74.6%
Mad Men
74.6%
Game of Thrones
73.8%
House of Cards
69%
Lost
68.4%
Lost
68.4%
Lost
68.4%
Breaking Bad
67.2%
Game of Thrones
65.7%
30 Rock
65.2%
The Office
64.4%
The Office
64.4%
Modern Family
64.2%
Orange is the New Black
62.9%
Orange is the New Black
61.9%
Modern Family
58.2%
Dexter
58%
Dexter
58%
The Simpsons
55.7%
Parks and Recreation
55.2%
South Park
55.1%
South Park
55.1%
Homeland
54.7%
The Walking Dead
54.7%
The Wire
54.4%
The Wire
54.4%
The Wire
54.4%
The Americans
54.3%
Boardwalk Empire
52.2%
Sex and the City
51.5%
Breaking Bad
50%
Veep
50%
24
49.3%
24
49.3%
24
49.3%
Curb Your Enthusiasm
48.4%
% Correct
Curb Your Enthusiasm
48.4%
The Americans
47.6%
The Good Wife
47.6%
Homeland
46.3%
Six Feet Under
46.2%
Six Feet Under
46.2%
House
45.7%
Desperate Housewives
44.6%
Transparent
42.9%
Battlestar Galactica
42.5%
Battlestar Galactica
42.5%
The Shield
41.8%
The Shield
41.8%
American Horror Story: Asylum
41.5%
Arrested Development
41.5%
Arrested Development
41.5%
Deadwood
40.8%
Deadwood
40.8%
Grey's Anatomy
39.2%
The Good Wife
38.8%
Scandal
38.1%
Curb Your Enthusiasm
37.3%
Mad Men
36.1%
Girls
35.8%
Louie
34%
Nip/Tuck
32.1%
Nip/Tuck
32.1%
Buffy the Vampire Slayer
32%
Everybody Loves Raymond
31.8%
Everybody Loves Raymond
31.8%
Everybody Loves Raymond
31.8%
Fargo
31.4%
Heroes
30.5%
The West Wing
30.3%
The West Wing
30.3%
The West Wing
30.3%
Louie
29.9%
Justified
28.4%
Gilmore Girls
27.7%
How to Get Away with Murder
25.7%
Jane the Virgin
25.7%
Rescue Me
25.1%
Friday Night Lights
24.3%
Friday Night Lights
24.3%
Band of Brothers
23.3%
The Knick
22.9%
Modern Family
20.3%
% Correct
Silicon Valley
20%
Veronica Mars
19%
The Big Bang Theory
18.2%
Ugly Betty
17.9%
Friday Night Lights
17.9%
True Blood
17.9%
Glee
17.2%
Pushing Daisies
15.7%
John Adams
15.4%
Mad Men
14.4%
Masters of Sex
14.3%
Everybody Hates Chris
12.8%
Alias
12.3%
In Treatment
12%
Angels in America
11.8%
30 Rock
11.6%
Breaking Bad
11.3%
Big Love
10.5%
Nurse Jackie
10.5%
Modern Family
10%
Game Change
9.4%
Malcolm in the Middle
8.5%
Boardwalk Empire
7.9%
The Walking Dead
7.7%
Playmakers
6.4%
Glee
6.4%
Party Down
6.2%
Life
4.4%
Joan of Arcadia
3.1%
The Pacific
3.1%
The Big C
3%
Recount
2.8%
Sleeper Cell
2%
Boomtown
1.8%
Temple Grandin
1.5%
Something the Lord Made
1.1%
Door to Door
1%
Elizabeth I
0.8%
Tell Me You Love Me
0.8%
The Believer
0.7%
The Gathering Storm
0.7%
Soldier's Girl
0.7%
Sometimes in April
0.5%
Longford
0.5%
The Ladies No. 1 Detective Agency
0.5%

You're not logged in!

Compare scores with friends on all Sporcle quizzes.
OR
Log In

Show Comments

Extras

Created Nov 19, 2009SourceReportNominate
Tags:afi, America, institute, program

Top Quizzes Today


Score Distribution

Your Account Isn't Verified!

In order to create a playlist on Sporcle, you need to verify the email address you used during registration. Go to your Sporcle Settings to finish the process.

Report this User

Report this user for behavior that violates our Community Guidelines.

Details: